Statistics for Greek to Roman- Gods and Goddesses Names

Click here to take the quiz!

General Stats

  • This quiz has been taken 52 times
  • The average score is 10 of 12

Answer Stats

HintAnswer% Correct
Goddess of Love and BeautyAphroditeVenus
95%
God of WarAresMars
95%
God of the SeaPoseidonNeptune
95%
God of MessengersHermesMercury
93%
God of the SkyZeusJupiter
93%
God of the UnderworldHadesPluto
90%
God of WineDionysusBacchus
78%
Goddess of WisdomAthenaMinerva
73%
Goddess of MarriageHeraJuno
71%
Goddess of the HuntArtemisDiana
68%
God of the SunApolloApollo
68%
God of the HarvestDemeterCeres
56%

Score Distribution

Percentile by Number Answered

Percent of People with Each Score

Your Score History

You have not taken this quiz